[Event "NDVM 2019 U14w"]
[Site "Kiel"]
[Date "2019.09.15"]
[Round "7.10"]
[White "Wartenberg, Alissa"]
[Black "Janssen, Julika"]
[Result "1-0"]
[BlackElo "794"]
[WhiteElo "1350"]
[LiveChessVersion "1.4.8"]

1. e4 {[%clk 1:30:57]} e5 {[%clk 1:30:50]} 2. Nf3 {[%clk 1:31:25]} Nc6
{[%clk 1:31:04]} 3. Nc3 {[%clk 1:31:51]} Nf6 {[%clk 1:31:08]} 4. d4
{[%clk 1:32:15]} exd4 {[%clk 1:27:36]} 5. Nxd4 {[%clk 1:32:32]} Bc5
{[%clk 1:27:38]} 6. Nxc6 {[%clk 1:32:48]} bxc6 {[%clk 1:26:36]} 7. Bg5
{[%clk 1:33:01]} h6 {[%clk 1:25:21]} 8. Bh4 {[%clk 1:33:18]} O-O {[%clk 1:22:52]}
9. e5 {[%clk 1:31:40]} Be7 {[%clk 1:12:44]} 10. exf6 {[%clk 1:32:04]} Bxf6
{[%clk 1:13:06]} 11. Bxf6 {[%clk 1:32:26]} Qxf6 {[%clk 1:13:14]} 12. Be2
{[%clk 1:32:17]} Re8 {[%clk 1:12:18]} 13. O-O {[%clk 1:32:25]} d6
{[%clk 1:09:31]} 14. Bf3 {[%clk 1:31:15]} Bd7 {[%clk 1:08:37]} 15. Re1
{[%clk 1:31:22]} Rxe1+ {[%clk 1:04:46]} 16. Qxe1 {[%clk 1:31:48]} Re8
{[%clk 1:04:29]} 17. Qd2 {[%clk 1:31:42]} Re5 {[%clk 1:02:40]} 18. Re1
{[%clk 1:30:34]} Rg5 {[%clk 1:02:26]} 19. Ne4 {[%clk 1:30:22]} Qxb2
{[%clk 0:59:36]} 20. Nxg5 {[%clk 1:30:38]} hxg5 {[%clk 0:59:51]} 21. Re7
{[%clk 1:29:05]} Bf5 {[%clk 0:55:46]} 22. Rxc7 {[%clk 1:28:22]} Bxc2
{[%clk 0:54:18]} 23. Rc8+ {[%clk 1:28:36]} Kh7 {[%clk 0:54:22]} 24. Be4+
{[%clk 1:28:49]} Kh6 {[%clk 0:52:34]} 25. Rh8# 1-0

[Event "NDVM 2019 U14w"]
[Site "Kiel"]
[Date "2019.09.15"]
[Round "7.11"]
[White "Pommerehnke, Marla"]
[Black "Wu, Yvonne Yihan"]
[Result "1/2-1/2"]
[BlackElo "1099"]
[WhiteElo "906"]
[LiveChessVersion "1.4.8"]

1. e4 {[%clk 1:30:58]} e5 {[%clk 1:30:54]} 2. Nf3 {[%clk 1:31:08]} Nc6
{[%clk 1:31:13]} 3. Bc4 {[%clk 1:31:22]} Nf6 {[%clk 1:31:36]} 4. d3
{[%clk 1:30:52]} Bc5 {[%clk 1:30:12]} 5. Nc3 {[%clk 1:30:12]} d6 {[%clk 1:29:46]}
6. h3 {[%clk 1:29:53]} Be6 {[%clk 1:29:42]} 7. Bb3 {[%clk 1:28:58]} h6
{[%clk 1:24:33]} 8. Be3 {[%clk 1:28:21]} Bb6 {[%clk 1:24:56]} 9. Qe2
{[%clk 1:26:55]} d5 {[%clk 1:23:53]} 10. O-O-O {[%clk 1:25:01]} d4
{[%clk 1:24:06]} 11. Bxe6 {[%clk 1:21:03]} fxe6 {[%clk 1:24:08]} 12. Bxd4
{[%clk 1:20:33]} exd4 {[%clk 1:23:42]} 13. Nb5 {[%clk 1:20:11]} a6
{[%clk 1:19:54]} 14. Na3 {[%clk 1:19:43]} Qe7 {[%clk 1:15:30]} 15. e5
{[%clk 1:17:41]} Nd5 {[%clk 1:14:29]} 16. Nc4 {[%clk 1:12:13]} Ba7
{[%clk 1:08:07]} 17. g3 {[%clk 1:05:38]} b5 {[%clk 1:01:15]} 18. Ncd2
{[%clk 1:04:12]} Rf8 {[%clk 0:48:43]} 19. Ne4 {[%clk 0:56:24]} Qf7
{[%clk 0:43:16]} 20. Nh4 {[%clk 0:54:42]} Nxe5 {[%clk 0:38:37]} 21. f4
{[%clk 0:52:46]} Nxf4 {[%clk 0:35:03]} 22. gxf4 {[%clk 0:51:30]} Qxf4+
{[%clk 0:35:09]} 23. Nd2 {[%clk 0:49:33]} Qxh4 {[%clk 0:29:21]} 24. Qxe5
{[%clk 0:49:45]} Qe7 {[%clk 0:28:57]} 25. Rde1 {[%clk 0:46:30]} Rf6
{[%clk 0:23:47]} 26. Ne4 {[%clk 0:46:01]} Rf5 {[%clk 0:23:17]} 27. Qg3
{[%clk 0:44:15]} Kd7 {[%clk 0:21:35]} 28. Rhg1 {[%clk 0:39:40]} g5
{[%clk 0:20:51]} 29. h4 {[%clk 0:38:48]} gxh4 {[%clk 0:20:58]} 30. Qg7
{[%clk 0:38:49]} Qxg7 {[%clk 0:20:44]} 31. Rxg7+ Kc6 {[%clk 0:20:46]} 32. Re7
{[%clk 0:38:47]} Kd5 {[%clk 0:16:05]} 33. Rxc7 {[%clk 0:38:28]} Bb6
{[%clk 0:14:38]} 34. Rd7+ {[%clk 0:37:55]} Kc6 {[%clk 0:13:28]} 35. Rh7
{[%clk 0:38:07]} h5 {[%clk 0:12:10]} 36. Rh1 {[%clk 0:38:02]} Raf8
{[%clk 0:11:34]} 37. Rxh4 {[%clk 0:37:05]} Rf1+ {[%clk 0:11:45]} 38. Kd2
{[%clk 0:37:24]} Ba5+ {[%clk 0:12:05]} 39. c3 {[%clk 0:37:21]} dxc3+
{[%clk 0:12:20]} 40. bxc3 {[%clk 0:37:41]} b4 {[%clk 0:12:04]} 41. Kc2
{[%clk 0:35:57]} bxc3 {[%clk 0:11:32]} 42. Nxc3 {[%clk 0:35:53]} R8f2+
{[%clk 0:10:52]} 43. Kb3 {[%clk 0:35:13]} Bxc3 {[%clk 0:10:17]} 44. Rc4+
{[%clk 0:35:05]} Kd5 {[%clk 0:09:44]} 45. Rxh5+ {[%clk 0:35:02]} e5
{[%clk 0:09:19]} 46. Rxc3 {[%clk 0:34:37]} Rb1+ {[%clk 0:09:27]} 47. Ka3
{[%clk 0:34:40]} Kd4 {[%clk 0:08:53]} 48. Rb3 {[%clk 0:34:31]} 1/2-1/2

[Event "NDVM 2019 U14w"]
[Site "Kiel"]
[Date "2019.09.15"]
[Round "7.12"]
[White "Modali, Nikhilamrutha"]
[Black "Urban, Mila"]
[Result "1-0"]
[BlackElo "787"]
[WhiteElo "1029"]
[LiveChessVersion "1.4.8"]

1. e4 {[%clk 1:30:57]} e5 {[%clk 1:30:51]} 2. Nf3 {[%clk 1:31:23]} Nc6
{[%clk 1:31:07]} 3. Bc4 {[%clk 1:31:49]} Nf6 {[%clk 1:31:27]} 4. Ng5
{[%clk 1:31:53]} d5 {[%clk 1:30:45]} 5. exd5 {[%clk 1:32:17]} Ne7
{[%clk 1:30:35]} 6. d6 {[%clk 1:32:15]} Ned5 {[%clk 1:30:13]} 7. dxc7
{[%clk 1:31:49]} Qxc7 {[%clk 1:30:05]} 8. d3 {[%clk 1:31:42]} Be7
{[%clk 1:28:26]} 9. O-O {[%clk 1:30:43]} O-O {[%clk 1:26:49]} 10. Re1
{[%clk 1:21:50]} h6 {[%clk 1:25:27]} 11. Nf3 {[%clk 1:14:07]} Be6
{[%clk 1:24:30]} 12. Nxe5 {[%clk 1:13:00]} Bd6 {[%clk 1:20:16]} 13. Nf3
{[%clk 1:10:50]} Bg4 {[%clk 1:14:59]} 14. b3 {[%clk 1:09:15]} Bxf3
{[%clk 1:13:27]} 15. Qxf3 {[%clk 1:09:23]} Bxh2+ {[%clk 1:13:18]} 16. Kf1
{[%clk 1:09:00]} Nb6 {[%clk 1:12:04]} 17. Nd2 {[%clk 1:07:49]} Nbd7
{[%clk 1:07:17]} 18. Ne4 {[%clk 1:03:34]} Ne5 {[%clk 1:06:53]} 19. Nxf6+
{[%clk 1:03:08]} gxf6 {[%clk 1:04:34]} 20. Qxf6 {[%clk 1:02:35]} Ng4
{[%clk 1:03:36]} 21. Qf3 {[%clk 1:01:11]} Ne5 {[%clk 0:58:57]} 22. Qf6
{[%clk 1:00:50]} Ng4 {[%clk 0:54:39]} 23. Qh4 {[%clk 0:59:16]} Qd7
{[%clk 0:52:03]} 24. Bxh6 {[%clk 0:57:28]} Rfc8 {[%clk 0:50:50]} 25. Qg5+ Kh8
{[%clk 0:46:49]} 26. Qg7# 1-0

[Event "Luebecker SV-SV Ruedersdorf"]
[Site "Kiel"]
[Date "2019.09.15"]
[Round "7.1"]
[White "Heuberger, Sandra"]
[Black "Hellenbroich, Helene"]
[Result "1/2-1/2"]
[WhiteElo "1142"]
[BlackElo "1105"]
[Annotator "Rnd./Pair./Board: 07.004.01"]
[PlyCount "62"]
[EventDate "2019.??.??"]
[WhiteTeam "SV Ruedersdorf"]
[BlackTeam "Luebecker SV"]

1. d4 d5 2. c4 e6 3. Nc3 Nf6 4. Bg5 Nbd7 5. e3 c6 6. Nf3 b6 7. Bd3 Bb7 8. O-O
Bd6 9. Rc1 O-O 10. Qc2 Be7 11. Rfe1 Rc8 12. e4 dxe4 13. Nxe4 Nxe4 14. Bxe7 Qxe7
15. Bxe4 Nf6 16. Bd3 Qd7 17. Ng5 g6 18. Re3 Qxd4 19. Rh3 c5 20. Rd1 Qf4 21. Rg3
Rcd8 22. Nh3 Qd4 23. Be2 Qe5 24. Re3 Qc7 25. Ng5 Rd7 26. Rdd3 Rfd8 27. Rg3 Ne4
28. Rg4 Nxg5 29. Rxg5 Qf4 30. Rg4 Qf5 31. Rxd7 Rxd7 1/2-1/2

[Event "Luebecker SV-SV Ruedersdorf"]
[Site "Kiel"]
[Date "2019.09.15"]
[Round "7.2"]
[White "Alscher, Anouk"]
[Black "Kostova, Viktoria"]
[Result "1-0"]
[WhiteElo "1082"]
[BlackElo "974"]
[Annotator "Rnd./Pair./Board: 07.004.02"]
[PlyCount "107"]
[EventDate "2019.??.??"]
[WhiteTeam "Luebecker SV"]
[BlackTeam "SV Ruedersdorf"]

1. e4 e5 2. Nf3 Nc6 3. Bc4 Bc5 4. Nc3 Nf6 5. d3 h6 6. Be3 d6 7. h3 Qe7 8. Bxc5
dxc5 9. Nd5 Nxd5 10. Bxd5 Nd4 11. Nxd4 exd4 12. a3 Bf5 13. Qf3 Be6 14. Bxb7 Rb8
15. Bc6+ Bd7 16. Bxd7+ Qxd7 17. b3 O-O 18. O-O Qe6 19. Qf4 c6 20. Rab1 a5 21.
c4 Rb7 22. a4 Qg6 23. Rb2 Re8 24. Qf5 Qd6 25. Re1 Re6 26. Qf3 Rg6 27. e5 Qe6
28. Rbb1 Qe8 29. Re4 Qe7 30. Ree1 Qh4 31. Kh2 Re7 32. g3 Qg5 33. Qf4 Qh5 34. g4
Qh4 35. Qg3 Qxg3+ 36. Kxg3 Ree6 37. f4 f5 38. Kf3 fxg4+ 39. hxg4 Re7 40. f5 Rg5
41. Rb2 Re8 42. Rh2 Kh7 43. Rh5 Rxh5 44. gxh5 Rf8 45. Kf4 g5+ 46. hxg6+ Kg7 47.
Rg1 h5 48. f6+ Kg8 49. Kg5 h4 50. e6 Rc8 51. e7 Rb8 52. f7+ Kh8 53. f8=Q+ Rxf8
54. exf8=Q# 1-0

[Event "Luebecker SV-SV Ruedersdorf"]
[Site "Kiel"]
[Date "2019.09.15"]
[Round "7.3"]
[White "Wennin, Elisabeth"]
[Black "Rosin, Ida"]
[Result "1/2-1/2"]
[WhiteElo "889"]
[BlackElo "1122"]
[Annotator "Rnd./Pair./Board: 07.004.03"]
[PlyCount "57"]
[EventDate "2019.??.??"]
[WhiteTeam "SV Ruedersdorf"]
[BlackTeam "Luebecker SV"]

1. e4 e5 2. Nf3 Nc6 3. Bc4 Nf6 4. Nc3 Nxe4 5. Nxe4 d5 6. Bd3 dxe4 7. Bxe4 Bc5
8. h3 O-O 9. d3 h6 10. Be3 Bb6 11. O-O Bd7 12. Qe2 Qf6 13. a3 Rae8 14. Rad1 Bd4
15. Rb1 a6 16. b4 b5 17. Rfd1 Nd8 18. Bd5 Be6 19. Be4 Ba2 20. Bxd4 exd4 21. Ra1
Bd5 22. Nd2 c6 23. Qg4 Be6 24. Qg3 Bd7 25. Rf1 Re7 26. Rae1 Rfe8 27. Re2 Bf5
28. Rfe1 Bg6 29. f3 1/2-1/2

[Event "Luebecker SV-SV Ruedersdorf"]
[Site "Kiel"]
[Date "2019.09.15"]
[Round "7.4"]
[White "Gossing, Marie-Sophie"]
[Black "Pham, Minh Trang Nguyen"]
[Result "1/2-1/2"]
[WhiteElo "1120"]
[BlackElo "920"]
[Annotator "Rnd./Pair./Board: 07.004.04"]
[PlyCount "79"]
[EventDate "2019.??.??"]
[WhiteTeam "Luebecker SV"]
[BlackTeam "SV Ruedersdorf"]

1. e4 e5 2. Nf3 Nc6 3. Bc4 Nf6 4. d3 Bc5 5. Bg5 h6 6. Bh4 g5 7. Bg3 d6 8. h3
Be6 9. Bb5 a6 10. Bxc6+ bxc6 11. Nc3 Qd7 12. Qd2 Rg8 13. O-O-O Rb8 14. b3 Bb4
15. Rhe1 d5 16. Bxe5 Nh7 17. exd5 cxd5 18. Qe3 Bxc3 19. Bxc3 Rc8 20. Nd4 c5 21.
Nxe6 fxe6 22. Qxe6+ Qxe6 23. Rxe6+ Kf7 24. Rxa6 Nf8 25. Rf6+ Ke7 26. Re1+ Kd7
27. Rf7+ Kd6 28. a4 d4 29. Bd2 Ne6 30. Rf6 Rce8 31. a5 Rg7 32. Kb2 Rge7 33. a6
Ra8 34. Ra1 Kd7 35. Rxh6 Kc7 36. Ba5+ Kd6 37. Re1 Kd7 38. Bd2 Rxa6 39. Bxg5 Rg7
40. Bh4 1/2-1/2

[Event "Schachpinguine Berlin-Elmshorner SC"]
[Site "Kiel"]
[Date "2019.09.15"]
[Round "7.1"]
[White "Margaryan, Susanna"]
[Black "Pikki, Daria"]
[Result "1-0"]
[WhiteElo "1231"]
[BlackElo "1210"]
[Annotator "Rnd./Pair./Board: 07.005.01"]
[PlyCount "77"]
[EventDate "2019.??.??"]
[WhiteTeam "Elmshorner SC"]
[BlackTeam "Schachpinguine Berlin"]

1. d4 Nf6 2. c4 g6 3. Bf4 Bg7 4. e3 O-O 5. Be2 d6 6. Nc3 Nbd7 7. Nf3 c6 8. O-O
Nh5 9. Bg3 f5 10. Bh4 Ndf6 11. d5 f4 12. exf4 Nxf4 13. Re1 Qd7 14. Bg5 N6h5 15.
Nh4 Nxe2+ 16. Qxe2 Bf6 17. Bxf6 exf6 18. Rad1 c5 19. Qe6+ Qxe6 20. dxe6 Re8 21.
Rxd6 Ng7 22. e7 Kf7 23. Nd5 Rg8 24. Rxf6+ Ke8 25. Nc7+ Kd7 26. Nxa8 Re8 27. Rf8
b6 28. Rxe8 Nxe8 29. Nf3 Bb7 30. Nxb6+ axb6 31. Ne5+ Kxe7 32. Nxg6+ Kd8 33. Ne5
Kc7 34. Rd1 Nd6 35. b3 b5 36. cxb5 Nxb5 37. Rd7+ Kb6 38. Nc4+ Kc6 39. Rxh7 1-0

[Event "Schachpinguine Berlin-Elmshorner SC"]
[Site "Kiel"]
[Date "2019.09.15"]
[Round "7.2"]
[White "Schmidt, Luise"]
[Black "Neitzel, Emma"]
[Result "1-0"]
[WhiteElo "1219"]
[BlackElo "803"]
[Annotator "Rnd./Pair./Board: 07.005.02"]
[PlyCount "63"]
[EventDate "2019.??.??"]
[WhiteTeam "Schachpinguine Berlin"]
[BlackTeam "Elmshorner SC"]

1. e4 d5 2. exd5 Qxd5 3. Nc3 Qa5 4. Nf3 c6 5. Bc4 Nf6 6. d3 Bf5 7. Bd2 Nbd7 8.
O-O e5 9. Re1 Bd6 10. Ne4 Qc7 11. Nxd6+ Qxd6 12. Bf4 O-O 13. Bxe5 Nxe5 14. Nxe5
Rfe8 15. Bxf7+ Kh8 16. Bxe8 Rxe8 17. Nf7+ Kg8 18. Nxd6 Rd8 19. Nxf5 Rd5 20.
Ne7+ Kf8 21. Nxd5 Nxd5 22. Qf3+ Nf6 23. Re5 Kf7 24. Rae1 Kg8 25. Re8+ Kf7 26.
R8e7+ Kf8 27. Qxf6+ gxf6 28. Rxh7 Kg8 29. Ree7 Kf8 30. Rxb7 Kg8 31. Rhc7 f5 32.
Rc8# 1-0

[Event "Schachpinguine Berlin-Elmshorner SC"]
[Site "Kiel"]
[Date "2019.09.15"]
[Round "7.3"]
[White "Klein, Isabel"]
[Black "Belkina, Elisabeth"]
[Result "1-0"]
[WhiteElo "800"]
[BlackElo "1046"]
[Annotator "Rnd./Pair./Board: 07.005.03"]
[PlyCount "45"]
[EventDate "2019.??.??"]
[WhiteTeam "Elmshorner SC"]
[BlackTeam "Schachpinguine Berlin"]

1. e4 c6 2. d4 d5 3. Nc3 e6 4. Nf3 c5 5. Bb5+ Nc6 6. Ng5 Be7 7. Nxf7 Kxf7 8.
Qf3+ Ke8 9. exd5 exd5 10. Nxd5 cxd4 11. Qh5+ g6 12. Qf3 Qa5+ 13. b4 Qxb5 14.
Nc7+ Kd8 15. Nxb5 Bxb4+ 16. Bd2 Bxd2+ 17. Kxd2 a6 18. Qd5+ Bd7 19. Qg5+ Kc8 20.
Nd6+ Kc7 21. Nf7 h6 22. Qxg6 Nge7 23. Qg3+ 1-0

[Event "Schachpinguine Berlin-Elmshorner SC"]
[Site "Kiel"]
[Date "2019.09.15"]
[Round "7.4"]
[White "Grigoryan, Nare"]
[Black "Margaryan, Sofia"]
[Result "1-0"]
[WhiteElo "827"]
[BlackElo "800"]
[Annotator "Rnd./Pair./Board: 07.005.04"]
[PlyCount "75"]
[EventDate "2019.??.??"]
[WhiteTeam "Schachpinguine Berlin"]
[BlackTeam "Elmshorner SC"]

1. e4 d5 2. exd5 Qxd5 3. Nc3 Qa5 4. Nf3 Bf5 5. Be2 c6 6. O-O Nd7 7. d4 e6 8.
Bd3 Bxd3 9. Qxd3 Qd8 10. Re1 Bd6 11. d5 Ne7 12. dxe6 fxe6 13. Qxd6 Nf8 14. Qe5
Rg8 15. Ng5 Qc8 16. Nxe6 Nxe6 17. Qxe6 Qxe6 18. Rxe6 Rd8 19. Bg5 Rd7 20. Rd1
Kf7 21. Rxd7 Kxe6 22. Rxe7+ Kf5 23. Be3 Rd8 24. Bxa7 Rd2 25. Rxb7 Rxc2 26. h3
Kf4 27. Rxg7 Rc1+ 28. Kh2 Rf1 29. Rxh7 c5 30. Bxc5 Ke5 31. a4 Ra1 32. g4 Kf4
33. Be3+ Ke5 34. Rd7 Ke6 35. Rd1 Rxd1 36. Nxd1 Kd5 37. g5 Ke6 38. a5 1-0